Institutionalism and it`s spatial dimension

Stimuly ekonomického rastu a rozvoja, ktoré sú priestorovo dosť rozdielnymi javmi, sa vyskytujú v rámci širšej sociálnej štruktúry. Inštitucionalizmus, ktorý sa sústreďuje na socioekonómiu, sa stáva častým zdrojom inšpirácie pre regionálne štúdie. Popis inštitucionalizmu od jeho začiatkov a jeho vho...

Descripción completa

Guardado en:
Detalles Bibliográficos
Autor principal: Sucháček, Jan
Formato: Capítulo de libro
Lenguaje:inglés
Materias:
Etiquetas: Agregar Etiqueta
Sin Etiquetas, Sea el primero en etiquetar este registro!

MARC

LEADER 00000naa$a2200000$$$4500
001 0113593
005 20231103064951.5
041 0 |a eng 
044 |a SK 
245 1 0 |a Institutionalism and it`s spatial dimension  |c Jan Sucháček 
520 |a Stimuly ekonomického rastu a rozvoja, ktoré sú priestorovo dosť rozdielnymi javmi, sa vyskytujú v rámci širšej sociálnej štruktúry. Inštitucionalizmus, ktorý sa sústreďuje na socioekonómiu, sa stáva častým zdrojom inšpirácie pre regionálne štúdie. Popis inštitucionalizmu od jeho začiatkov a jeho vhodnosť v oblasti regionálneho rastu a vývoja. Inštitucionálne prvky sú v súčasnosti nevyhnutnou súčasťou regionálnych štúdií z dôvodu ich praktickej orientácie. 
610 2 0 |a inštitucionalizmus 
610 2 0 |a inštitúcie verejnoprávne 
610 2 0 |a regióny 
610 2 0 |a rozvoj regionálny 
610 2 0 |a rast hospodársky 
100 1 |a Sucháček, Jan